[Event "MCR_SF09"]
[Site "?"]
[Date "2007.??.??"]
[Round "1"]
[White "Styblo, Pavel"]
[Black "Svoboda, Frantisek"]
[Result "1/2-1/2"]
[WhiteElo "2306"]
[BlackElo "2051"]
[PlyCount "104"]
[EventDate "2007.??.??"]
[EventType "schev (rapid)"]
[EventRounds "2"]
[SourceDate "2007.02.23"]

1. d4 d5 2. c4 Nc6 3. Nc3 Nf6 4. Nf3 dxc4 5. d5 Na5 6. Qa4+ c6 7. b4 b5 8. Qxa5
Qxa5 9. bxa5 b4 10. Nd1 cxd5 11. a3 b3 12. Bb2 e6 13. Nc3 Bb7 14. e3 Bd6 15.
Nd4 a6 16. Na4 O-O 17. Nb6 Rab8 18. Be2 Bc7 19. Rc1 Bxb6 20. axb6 Nd7 21. Kd2
Nxb6 22. Bc3 Rfe8 23. Rb1 e5 24. Nxb3 cxb3 25. Rxb3 Nc4+ 26. Kc2 Nd6 27. Bd3
Rbc8 28. Kd2 f6 29. Rhb1 Bc6 30. Bxa6 Nc4+ 31. Bxc4 dxc4 32. Rb6 Red8+ 33. Ke2
Bxg2 34. a4 Rd3 35. Rc1 e4 36. a5 Rcd8 37. Ke1 Bf3 38. Bd4 Ra3 39. a6 Rc8 40.
Ra1 Rxa1+ 41. Bxa1 c3 42. a7 c2 43. Bb2 c1=Q+ 44. Bxc1 Rxc1+ 45. Kd2 Ra1 46.
Rb8+ Kf7 47. a8=Q Rxa8 48. Rxa8 g5 49. Ra1 Kg6 50. Kc3 Kh5 51. Rg1 Kh4 52. Rg3
h5 1/2-1/2

[Event "MCR_SF09"]
[Site "?"]
[Date "2007.??.??"]
[Round "1"]
[White "Mateka, Petr"]
[Black "Portych, Vaclav"]
[Result "1/2-1/2"]
[WhiteElo "2275"]
[BlackElo "2147"]
[PlyCount "58"]
[EventDate "2007.??.??"]
[EventType "schev (rapid)"]
[EventRounds "2"]
[SourceDate "2007.02.23"]

1. e4 c5 2. Nf3 Nc6 3. d4 cxd4 4. Nxd4 Nf6 5. Nc3 e5 6. Ndb5 d6 7. Bg5 a6 8.
Na3 b5 9. Bxf6 gxf6 10. Nd5 f5 11. Bd3 Be6 12. c3 Bg7 13. Qh5 O-O 14. exf5 Bxd5
15. f6 e4 16. fxg7 Re8 17. Be2 Re5 18. Qh6 Rg5 19. O-O Ne5 20. Rad1 Nd3 21.
Bxd3 exd3 22. f3 Qb6+ 23. Kh1 Rg6 24. Qd2 Bxa2 25. Qxd3 Bb3 26. Rde1 Qc5 27.
Re4 d5 28. Re3 Bc4 29. Nxc4 dxc4 1/2-1/2

[Event "MCR_SF09"]
[Site "?"]
[Date "2007.??.??"]
[Round "?"]
[White "Trs, Jan"]
[Black "Izing, Stefan ml."]
[Result "1/2-1/2"]
[WhiteElo "2255"]
[BlackElo "2157"]
[PlyCount "108"]
[EventDate "2007.??.??"]
[EventType "schev (rapid)"]
[EventRounds "2"]
[SourceDate "2007.02.23"]

1. c4 c5 2. Nc3 Nf6 3. Nf3 e6 4. g3 Nc6 5. Bg2 d5 6. cxd5 Nxd5 7. O-O Be7 8. d4
O-O 9. e4 Nb6 10. d5 exd5 11. exd5 Nb4 12. Ne1 c4 13. a3 Na6 14. Bf4 Bd6 15.
Bxd6 Qxd6 16. Qd4 Nc5 17. Rd1 Nb3 18. Qe4 Bd7 19. Nf3 Qh6 20. d6 Rfe8 21. Qf4
Qxf4 22. gxf4 Bc6 23. Nd4 Bxg2 24. Kxg2 Nc5 25. Ndb5 Red8 26. Nd5 Nba4 27. Ndc7
Rab8 28. Nxa7 Nxb2 29. Rd5 Ncd3 30. Kf3 c3 31. Ke3 c2 32. Kd2 Nxf4 33. Rd4 Rxd6
34. Rxd6 Nc4+ 35. Kxc2 Nxd6 36. Rd1 Ne8 37. Nd5 Nxd5 38. Rxd5 g6 39. Nb5 Nf6
40. Rd4 Kf8 41. Kd3 Ke7 42. a4 Rc8 43. Nd6 Rc7 44. Nc4 Nd7 45. a5 f5 46. Rd5
Nc5+ 47. Kd4 Ne6+ 48. Kc3 Nf4 49. Rb5 Ke6 50. Kd4 Rd7+ 51. Ke3 Nd5+ 52. Kf3 Nc3
53. Rb2 Na4 54. Rb5 Rc7 1/2-1/2

[Event "MCR_SF09"]
[Site "?"]
[Date "2007.??.??"]
[Round "1"]
[White "Cvak, Rudolf"]
[Black "Brichacek, Milan"]
[Result "1-0"]
[WhiteElo "2247"]
[BlackElo "2215"]
[PlyCount "79"]
[EventDate "2007.??.??"]
[EventType "schev (rapid)"]
[EventRounds "2"]
[SourceDate "2007.02.23"]

1. e4 e6 2. d4 d5 3. e5 c5 4. Nc3 cxd4 5. Nb5 Nc6 6. Nf3 Bb4+ 7. Bd2 Bc5 8. b4
Nxb4 9. Nfxd4 Nc6 10. Qg4 Kf8 11. Nb3 Be7 12. f4 Bd7 13. Bd3 Nh6 14. Qf3 Nb4
15. N5d4 Qb6 16. O-O Nxd3 17. Ba5 Qa6 18. cxd3 Rc8 19. a3 Ba4 20. f5 Bxb3 21.
Nxb3 Nxf5 22. g4 Nh6 23. Rac1 Rc6 24. Rxc6 Qxc6 25. Rc1 Qe8 26. Rc7 b6 27. Bb4
Bxb4 28. axb4 Ng8 29. Nd4 h5 30. g5 Nh6 31. Qf4 Kg8 32. Qc1 Kh7 33. gxh6 gxh6
34. Qf4 Rg8+ 35. Kf2 Rg7 36. Nf5 Rg6 37. Nd6 Qg8 38. Nxf7 Qg7 39. Rxa7 Rg2+ 40.
Ke3 1-0

[Event "MCR_SF09"]
[Site "?"]
[Date "2007.??.??"]
[Round "1"]
[White "Svoboda, Frantisek"]
[Black "Brichacek, Milan"]
[Result "1-0"]
[WhiteElo "2051"]
[BlackElo "2215"]
[PlyCount "57"]
[EventDate "2007.??.??"]
[EventType "schev (rapid)"]
[EventRounds "2"]
[SourceDate "2007.02.23"]

1. e4 d5 2. exd5 Qxd5 3. Nc3 Qa5 4. d4 Nf6 5. Nf3 Ne4 6. Bd3 Nxc3 7. bxc3 g6 8.
O-O Bg7 9. Qe2 Nc6 10. Bd2 O-O 11. Rfb1 Rb8 12. Rb5 Qa3 13. d5 Nd8 14. Bf4 e6
15. Re1 Bd7 16. Bxc7 Bxb5 17. Bxb8 Bxd3 18. Qxd3 Nc6 19. dxc6 Rxb8 20. c7 Rf8
21. Rd1 Qc5 22. Qd7 Bxc3 23. Qd8 Bg7 24. Rd2 Bh6 25. Rd7 Qc3 26. g3 e5 27. Re7
e4 28. Rxe4 Qc6 29. Re7 1-0

[Event "MCR_SF09"]
[Site "?"]
[Date "2007.??.??"]
[Round "1"]
[White "Izing, Stefan ml."]
[Black "Cvak, Rudolf"]
[Result "1/2-1/2"]
[WhiteElo "2157"]
[BlackElo "2247"]
[PlyCount "48"]
[EventDate "2007.??.??"]
[EventType "schev (rapid)"]
[EventRounds "2"]
[SourceDate "2007.02.23"]

1. e4 e5 2. Nf3 Nf6 3. Nxe5 d6 4. Nf3 Nxe4 5. d4 d5 6. Bd3 Nc6 7. O-O Be7 8.
Re1 Bg4 9. c3 f5 10. Qb3 O-O 11. Nbd2 Na5 12. Qa4 Nc6 13. Bb5 Bh4 14. Rf1 Nxd2
15. Bxd2 Bxf3 16. gxf3 Ne7 17. Kh1 Ng6 18. Rae1 Bg5 19. Bxg5 Qxg5 20. Rg1 Qd2
21. Be8 c6 22. Bxg6 hxg6 23. Qb4 Rf7 24. Kg2 a5 1/2-1/2

[Event "MCR_SF09"]
[Site "?"]
[Date "2007.??.??"]
[Round "1"]
[White "Portych, Vaclav"]
[Black "Trs, Jan"]
[Result "1-0"]
[WhiteElo "2147"]
[BlackElo "2255"]
[PlyCount "121"]
[EventDate "2007.??.??"]
[EventType "schev (rapid)"]
[EventRounds "2"]
[SourceDate "2007.02.23"]

1. c4 Nf6 2. Nc3 e6 3. Nf3 Bb4 4. Qc2 O-O 5. a3 Bxc3 6. Qxc3 b6 7. g3 Bb7 8.
Bg2 d5 9. cxd5 Nxd5 10. Qc2 c5 11. O-O Nc6 12. b3 Nf6 13. Bb2 Qd5 14. d3 Nd4
15. Bxd4 cxd4 16. Qc4 Rad8 17. Rfc1 Qd6 18. Qc7 Bxf3 19. Qxd6 Rxd6 20. Bxf3 Nd5
21. Bxd5 Rxd5 22. b4 e5 23. Rc7 a5 24. Rb1 g5 25. bxa5 Rxa5 26. Rxb6 Rxa3 27.
Re7 Ra5 28. g4 Kg7 29. Rbe6 Re8 30. Rxe8 fxe6 31. Rxe6 Kf7 32. Rc6 Ra2 33. Kf1
Rb2 34. Rc5 Kf6 35. Rc6+ Kf7 36. h3 Ra2 37. Rh6 Kg7 38. Re6 Ra5 39. Kg2 Kf7 40.
Rc6 Ra8 41. Kf3 Ra5 42. Rc7+ Kg6 43. Rc2 Ra6 44. Ke4 Kf6 45. Kd5 Ra5+ 46. Rc5
Ra2 47. Rc6+ Kf7 48. Rh6 Rxe2 49. Rxh7+ Kf6 50. Rh6+ Kg7 51. Re6 Rxf2 52. Rxe5
Kf6 53. Kxd4 Ra2 54. Rf5+ Kg6 55. Ke5 Re2+ 56. Kd5 Re3 57. d4 Rxh3 58. Ke6 Rh4
59. d5 Rxg4 60. Re5 Ra4 61. d6 1-0

[Event "MCR_SF09"]
[Site "?"]
[Date "2007.??.??"]
[Round "1"]
[White "Styblo, Pavel"]
[Black "Mateka, Petr"]
[Result "1/2-1/2"]
[WhiteElo "2306"]
[BlackElo "2275"]
[PlyCount "61"]
[EventDate "2007.??.??"]
[EventType "schev (rapid)"]
[EventRounds "2"]
[SourceDate "2007.02.23"]

1. d4 d5 2. c4 dxc4 3. Nf3 Nf6 4. e3 Bf5 5. Bxc4 e6 6. O-O Nc6 7. Nc3 a6 8. Re1
Bb4 9. a3 Bxc3 10. bxc3 O-O 11. Nd2 e5 12. e4 Bg6 13. d5 Na5 14. Bf1 b6 15. Qf3
Re8 16. a4 Nb7 17. Qe3 Nd7 18. f3 f5 19. exf5 Bxf5 20. Ba3 Qh4 21. Ne4 Bxe4 22.
fxe4 Nd6 23. Bd3 Rf8 24. Rf1 a5 25. c4 Rf6 26. Rab1 Raf8 27. Rxf6 Rxf6 28. Qe2
h5 29. Rc1 Qg5 30. Rc2 h4 31. c5 1/2-1/2

[Event "MCR_SF09"]
[Site "?"]
[Date "2007.??.??"]
[Round "?"]
[White "Mateka, Petr"]
[Black "Svoboda, Frantisek"]
[Result "1-0"]
[WhiteElo "2275"]
[BlackElo "2051"]
[PlyCount "107"]
[EventDate "2007.??.??"]
[EventType "schev (rapid)"]
[EventRounds "2"]
[SourceDate "2007.02.23"]

1. e4 c5 2. Nf3 e6 3. d4 cxd4 4. Nxd4 Nf6 5. Nc3 d6 6. Be2 Be7 7. O-O a6 8. Be3
O-O 9. a4 Qc7 10. f4 b6 11. Qe1 Bb7 12. Qg3 Nbd7 13. f5 e5 14. Bh6 Ne8 15. Nb3
Kh8 16. Be3 Nef6 17. Bd3 Rfd8 18. Qf3 d5 19. Nxd5 Nxd5 20. exd5 Nf6 21. c4 b5
22. Rac1 bxc4 23. Bxc4 e4 24. Qe2 Bd6 25. Kh1 Bxh2 26. g4 h6 27. g5 hxg5 28.
Na5 Be5 29. b4 g4 30. Bb5 Qb8 31. Bc6 Bxc6 32. Nxc6 Qd6 33. Nxd8 Rxd8 34. Bg5
Qxb4 35. Bxf6 Bxf6 36. Qxg4 Rxd5 37. Rfe1 Qd2 38. Rc8+ Kh7 39. Qh5+ Qh6 40.
Qxh6+ Kxh6 41. Rxe4 Kg5 42. Rc7 Kxf5 43. Rb4 Kg6 44. Rc6 Ra5 45. Rbc4 Rh5+ 46.
Kg2 a5 47. Rb6 Rd5 48. Kf1 Rf5+ 49. Ke2 Re5+ 50. Kd3 Rd5+ 51. Kc2 Rg5 52. Rb5
Be7 53. Rc6+ f6 54. Rxg5+ 1-0

[Event "MCR_SF09"]
[Site "?"]
[Date "2007.??.??"]
[Round "?"]
[White "Trs, Jan"]
[Black "Styblo, Pavel"]
[Result "1/2-1/2"]
[WhiteElo "2255"]
[BlackElo "2306"]
[PlyCount "124"]
[EventDate "2007.??.??"]
[EventType "schev (rapid)"]
[EventRounds "2"]
[SourceDate "2007.02.23"]

1. c4 c5 2. Nf3 Nf6 3. d4 cxd4 4. Nxd4 e6 5. Nc3 Nc6 6. g3 Qb6 7. Nb3 Ne5 8. e4
Bb4 9. Qe2 d6 10. f4 Nc6 11. Be3 Bxc3+ 12. bxc3 Qc7 13. Bg2 O-O 14. c5 dxc5 15.
Bxc5 Rd8 16. e5 Na5 17. Bb4 Nxb3 18. axb3 Nd5 19. Qc4 Qxc4 20. bxc4 Ne3 21. Kf2
Nxg2 22. Rhd1 Rxd1 23. Rxd1 f6 24. Rd8+ Kf7 25. Kxg2 fxe5 26. fxe5 a5 27. Ba3
Kg6 28. Kf2 Kf5 29. Bd6 Ke4 30. Ke2 b6 31. Rg8 g6 32. Rf8 g5 33. Rg8 h6 34. h4
Bb7 35. Rg6 Ba6 36. Rxh6 Bxc4+ 37. Kd2 b5 38. hxg5 Kf5 39. Be7 Kxe5 40. g6 Rg8
41. Rh5+ Ke4 42. Rg5 e5 43. g7 a4 44. Bf6 Re8 45. Bxe5 a3 46. Kc2 a2 47. Kb2
Rd8 48. Bd4 b4 49. Re5+ Kd3 50. Re3+ Kd2 51. Rf3 a1=Q+ 52. Kxa1 Kc1 53. g8=Q
Rxg8 54. Be3+ Kc2 55. Rf2+ Kd3 56. cxb4 Kxe3 57. Rf4 Kd3 58. Kb2 Rxg3 59. Rf2
Kd4 60. b5 Kc5 61. b6 Kxb6 62. Rf5 Kc6 1/2-1/2

[Event "MCR_SF09"]
[Site "?"]
[Date "2007.??.??"]
[Round "1"]
[White "Cvak, Rudolf"]
[Black "Portych, Vaclav"]
[Result "1-0"]
[WhiteElo "2247"]
[BlackElo "2147"]
[PlyCount "73"]
[EventDate "2007.??.??"]
[EventType "schev (rapid)"]
[EventRounds "2"]
[SourceDate "2007.02.23"]

1. e4 c5 2. Nf3 Nc6 3. d4 cxd4 4. Nxd4 Nf6 5. Nc3 e5 6. Ndb5 d6 7. Bg5 a6 8.
Na3 b5 9. Bxf6 gxf6 10. Nd5 f5 11. Bxb5 axb5 12. Nxb5 Rb8 13. Nbc7+ Kd7 14. Qh5
Ne7 15. Qxf7 Kc6 16. a4 Nxd5 17. exd5+ Kb7 18. Ne6+ Qe7 19. Qxf5 Bxe6 20. dxe6
Ka7 21. O-O Rg8 22. Rad1 Rxb2 23. c4 Qg7 24. g3 Rb7 25. Qf3 Qc7 26. Rd5 Be7 27.
Rb5 Rxb5 28. axb5 Qb7 29. Ra1+ Kb8 30. Qd3 h5 31. b6 Qc6 32. h3 h4 33. Qh7 Re8
34. g4 Qxc4 35. Qf7 Qc6 36. Ra7 Bd8 37. Ra8+ 1-0

[Event "MCR_SF09"]
[Site "?"]
[Date "2007.??.??"]
[Round "1"]
[White "Brichacek, Milan"]
[Black "Izing, Stefan ml."]
[Result "0-1"]
[WhiteElo "2215"]
[BlackElo "2157"]
[PlyCount "94"]
[EventDate "2007.??.??"]
[EventType "schev (rapid)"]
[EventRounds "2"]
[SourceDate "2007.02.23"]

1. e4 e5 2. Nf3 Nc6 3. Bb5 a6 4. Ba4 Nf6 5. O-O Be7 6. Re1 b5 7. Bb3 d6 8. d3
Na5 9. Nc3 O-O 10. Bd2 c6 11. Ne2 Nxb3 12. axb3 a5 13. Ng3 Qb6 14. Qe2 Be6 15.
Nh4 Rfe8 16. Nhf5 Bf8 17. Bg5 Nd7 18. Qh5 d5 19. Rf1 f6 20. Be3 d4 21. Bd2 a4
22. bxa4 bxa4 23. Rfb1 g6 24. Nh6+ Bxh6 25. Qxh6 Qc5 26. c3 dxc3 27. Bxc3 a3
28. Ne2 a2 29. Rf1 Ra4 30. Nc1 Rb8 31. Kh1 Rf8 32. f4 f5 33. fxe5 fxe4 34.
Rxf8+ Nxf8 35. dxe4 Qf2 36. Nd3 Qc2 37. Ne1 Qxe4 38. Qd2 Bd5 39. Nc2 Ne6 40. h3
Bb3 41. Na3 Qd5 42. Qxd5 cxd5 43. Nb5 d4 44. Bd2 Rc4 45. Na3 Rc5 46. Kg1 Rxe5
47. Kf2 d3 0-1

[Event "MCR_SF09"]
[Site "?"]
[Date "2007.??.??"]
[Round "?"]
[White "Svoboda, Frantisek"]
[Black "Izing, Stefan ml."]
[Result "1/2-1/2"]
[WhiteElo "2051"]
[BlackElo "2157"]
[PlyCount "105"]
[EventDate "2007.??.??"]
[EventType "schev (rapid)"]
[EventRounds "2"]
[SourceDate "2007.02.23"]

1. e4 e5 2. Nf3 Nc6 3. Bb5 a6 4. Ba4 Nf6 5. O-O Be7 6. Re1 b5 7. Bb3 d6 8. c3
O-O 9. h3 Na5 10. Bc2 c5 11. d4 Qc7 12. Nbd2 cxd4 13. cxd4 Bb7 14. d5 Rac8 15.
Bb1 Nd7 16. Nf1 f5 17. exf5 Nc4 18. Ne3 Bf6 19. a4 Nc5 20. axb5 axb5 21. Nh2
Ra8 22. Rxa8 Rxa8 23. Nhg4 Ra1 24. Nxf6+ gxf6 25. b3 Rxb1 26. bxc4 bxc4 27.
Qg4+ Kh8 28. Qxc4 Qa5 29. Rd1 Qa4 30. Qe2 Ra1 31. Qh5 Qd7 32. Kh2 Qe7 33. Bd2
Rxd1 34. Qxd1 Kg7 35. Bb4 Na6 36. Qb3 Nxb4 37. Qxb4 Ba6 38. g4 h6 39. Kg3 Bb7
40. Qb5 Kf7 41. Nc4 Ba8 42. f4 exf4+ 43. Kxf4 Kg7 44. Ne3 Bb7 45. Kf3 Qf7 46.
Qc4 h5 47. Qe4 hxg4+ 48. hxg4 Qd7 49. Qe6 Qd8 50. Nc4 Qa8 51. Kf4 Bxd5 52. Qe7+
Bf7 53. Nxd6 1/2-1/2

[Event "MCR_SF09"]
[Site "?"]
[Date "2007.??.??"]
[Round "1"]
[White "Portych, Vaclav"]
[Black "Brichacek, Milan"]
[Result "1/2-1/2"]
[WhiteElo "2147"]
[BlackElo "2215"]
[PlyCount "93"]
[EventDate "2007.??.??"]
[EventType "schev (rapid)"]
[EventRounds "2"]
[SourceDate "2007.02.23"]

1. c4 e5 2. Nc3 Nf6 3. Nf3 Nc6 4. g3 Bb4 5. Bg2 d6 6. O-O O-O 7. Nd5 Bc5 8. e3
Bg4 9. h3 Bh5 10. d3 Re8 11. Qb3 Rb8 12. Bd2 a6 13. Nh4 Na7 14. Nc3 Nc6 15.
Rae1 Nd7 16. Ne4 Ba7 17. f4 Nc5 18. Nxc5 Bxc5 19. Kh2 f6 20. a3 Bf7 21. Qc2 Bb6
22. fxe5 Nxe5 23. Bc3 c6 24. e4 Bc7 25. Nf5 c5 26. Rc1 Qd7 27. Rf4 b5 28. b3
Rb7 29. Ne3 bxc4 30. bxc4 Reb8 31. Rff1 Be8 32. Nf5 Kh8 33. Ne3 Qa4 34. Qd2 Bf7
35. Rf2 Rb3 36. Nd5 Bxd5 37. cxd5 Kg8 38. d4 cxd4 39. Qxd4 Qxa3 40. Rfc2 Rb1
41. Qd1 Rxc1 42. Rxc1 Nd3 43. Rc2 Nc5 44. Bd4 Bb6 45. Qg4 Rf8 46. Rb2 Ba5 47.
Rf2 1/2-1/2

[Event "MCR_SF09"]
[Site "?"]
[Date "2007.??.??"]
[Round "1"]
[White "Styblo, Pavel"]
[Black "Cvak, Rudolf"]
[Result "1-0"]
[WhiteElo "2306"]
[BlackElo "2247"]
[PlyCount "105"]
[EventDate "2007.??.??"]
[EventType "schev (rapid)"]
[EventRounds "2"]
[SourceDate "2007.02.23"]

1. d4 Nf6 2. c4 g6 3. Nc3 Bg7 4. e4 d6 5. f3 O-O 6. Be3 Nc6 7. Qd2 a6 8. Nge2
Rb8 9. h4 h5 10. Nc1 e5 11. d5 Nd4 12. N1e2 c5 13. dxc6 Nxc6 14. Rd1 Be6 15. b3
Ne8 16. c5 f5 17. exf5 gxf5 18. cxd6 f4 19. Bf2 Nf6 20. Na4 Nd4 21. Nxf4 Bh6
22. Bxd4 Bxf4 23. Be3 Bg3+ 24. Ke2 Bd7 25. Qc2 Rf7 26. Nb6 Bb5+ 27. Nc4 Rc8 28.
Bf2 Bxc4+ 29. bxc4 Bxf2 30. Kxf2 Rc6 31. c5 Rxc5 32. Bc4 Kg7 33. Qd3 Ng4+ 34.
Ke2 Rxc4 35. Qxc4 Qb6 36. Qc1 Qf2+ 37. Kd3 Qxg2 38. Rd2 Rxf3+ 39. Kc2 Rf2 40.
Re1 Kf7 41. d7 Qc6+ 42. Kb1 Qxc1+ 43. Kxc1 Rxd2 44. Kxd2 Ke7 45. Rf1 Kxd7 46.
Rf5 Ke6 47. Rxh5 Nf6 48. Rh8 Kf5 49. Rb8 Kg4 50. Rxb7 Kxh4 51. Ra7 Kg4 52. Rxa6
Ne4+ 53. Ke3 1-0

[Event "MCR_SF09"]
[Site "?"]
[Date "2007.??.??"]
[Round "1"]
[White "Mateka, Petr"]
[Black "Trs, Jan"]
[Result "1/2-1/2"]
[WhiteElo "2275"]
[BlackElo "2255"]
[PlyCount "45"]
[EventDate "2007.??.??"]
[EventType "schev (rapid)"]
[EventRounds "2"]
[SourceDate "2007.02.23"]

1. e4 c5 2. Nf3 d6 3. d4 cxd4 4. Nxd4 Nf6 5. Nc3 e6 6. Be2 Be7 7. O-O O-O 8.
Be3 Nc6 9. f4 e5 10. Nb3 exf4 11. Bxf4 Be6 12. Qd3 d5 13. e5 Nd7 14. Nxd5 Bc5+
15. Kh1 Ndxe5 16. Qc3 Qxd5 17. Nxc5 Nd4 18. Rad1 Rac8 19. Rxd4 Qxc5 20. Qxc5
Rxc5 21. c3 Re8 22. a4 Rd5 23. Re1 1/2-1/2

[Event "MCR_SF09"]
[Site "?"]
[Date "2007.??.??"]
[Round "?"]
[White "Trs, Jan"]
[Black "Svoboda, Frantisek"]
[Result "1/2-1/2"]
[WhiteElo "2255"]
[BlackElo "2051"]
[PlyCount "80"]
[EventDate "2007.??.??"]
[EventType "schev (rapid)"]
[EventRounds "2"]
[SourceDate "2007.02.23"]

1. c4 e5 2. Nc3 Nf6 3. Nf3 Nc6 4. g3 Nd4 5. Bg2 Nxf3+ 6. Bxf3 Bc5 7. O-O O-O 8.
Na4 Bd4 9. d3 d6 10. e3 Bb6 11. Nxb6 axb6 12. Bg2 c6 13. a4 Be6 14. f4 Re8 15.
Qc2 e4 16. dxe4 Qe7 17. b3 Bc8 18. Rd1 Bg4 19. Rd4 c5 20. Rd2 Rad8 21. h3 Bc8
22. g4 Nxe4 23. Bxe4 Qxe4 24. Qxe4 Rxe4 25. Kf2 f5 26. Kf3 Kf7 27. Bb2 Rde8 28.
Re1 g5 29. Rxd6 gxf4 30. Rf6+ Kg8 31. gxf5 Rxe3+ 32. Rxe3 Rxe3+ 33. Kxf4 Rxb3
34. Be5 Bd7 35. Kg5 Rxh3 36. Rxb6 Rf3 37. Rf6 Rf1 38. Bd6 Rg1+ 39. Kf4 Kg7 40.
Be5 Rf1+ 1/2-1/2

[Event "MCR_SF09"]
[Site "?"]
[Date "2007.??.??"]
[Round "1"]
[White "Cvak, Rudolf"]
[Black "Mateka, Petr"]
[Result "1/2-1/2"]
[WhiteElo "2247"]
[BlackElo "2275"]
[PlyCount "76"]
[EventDate "2007.??.??"]
[EventType "schev (rapid)"]
[EventRounds "2"]
[SourceDate "2007.02.23"]

1. e4 e5 2. Nf3 Nc6 3. Bb5 a6 4. Ba4 Nf6 5. d4 exd4 6. O-O Be7 7. e5 Ne4 8.
Nxd4 O-O 9. Nf5 d5 10. Bxc6 bxc6 11. Nxe7+ Qxe7 12. Re1 Re8 13. f3 Nc5 14. b3
Ne6 15. Bb2 Bb7 16. Qd2 d4 17. Na3 c5 18. Nc4 Bd5 19. Na5 Rab8 20. Rad1 Qh4 21.
Bc1 Rb6 22. Qf2 Qh5 23. c3 Qg6 24. f4 Qf5 25. h3 h5 26. Qf1 Be4 27. Nc4 Rbb8
28. cxd4 cxd4 29. Qe2 Bd5 30. Qd3 Qxd3 31. Rxd3 Bxc4 32. bxc4 Rb1 33. Kf2 Rd8
34. f5 Nc5 35. Rdd1 g6 36. g4 Ra1 37. Rd2 Rb1 38. Rdd1 Ra1 1/2-1/2

[Event "MCR_SF09"]
[Site "?"]
[Date "2007.??.??"]
[Round "1"]
[White "Brichacek, Milan"]
[Black "Styblo, Pavel"]
[Result "1/2-1/2"]
[WhiteElo "2215"]
[BlackElo "2306"]
[PlyCount "107"]
[EventDate "2007.??.??"]
[EventType "schev (rapid)"]
[EventRounds "2"]
[SourceDate "2007.02.23"]

1. e4 c5 2. Nf3 d6 3. d4 cxd4 4. Nxd4 Nf6 5. Nc3 g6 6. Be3 Bg7 7. f3 O-O 8. Qd2
Nc6 9. O-O-O d5 10. exd5 Nxd5 11. Nxc6 bxc6 12. Bd4 e5 13. Bc5 Be6 14. Ne4 Re8
15. h4 Nf4 16. Qe1 Qc7 17. g3 Nh5 18. g4 Nf6 19. Nxf6+ Bxf6 20. g5 Be7 21. Bxe7
Rxe7 22. h5 e4 23. hxg6 fxg6 24. fxe4 Qe5 25. Kb1 a5 26. Qe3 a4 27. c3 Rf8 28.
Qd4 Bg4 29. Re1 Qxd4 30. cxd4 Kg7 31. Rg1 Bf3 32. Bd3 Rd7 33. Kc2 Rxd4 34. Kc3
c5 35. Re3 Rf7 36. a3 Bh5 37. e5 Re7 38. Rge1 Bg4 39. e6 Bf5 40. Bb5 Rg4 41.
Bc6 Rxg5 42. Bxa4 Rg2 43. Bb3 h5 44. a4 h4 45. a5 h3 46. a6 h2 47. Bd5 Rg1 48.
Kc4 Be4 49. Bxe4 Rxe6 50. Bf3 Rxa6 51. Kxc5 Rf6 52. Re7+ Kh6 53. Bh1 Rf5+ 54.
Kc4 1/2-1/2

[Event "MCR_SF09"]
[Site "?"]
[Date "2007.??.??"]
[Round "1"]
[White "Izing, Stefan ml."]
[Black "Portych, Vaclav"]
[Result "1/2-1/2"]
[WhiteElo "2157"]
[BlackElo "2147"]
[PlyCount "70"]
[EventDate "2007.??.??"]
[EventType "schev (rapid)"]
[EventRounds "2"]
[SourceDate "2007.02.23"]

1. e4 c5 2. Nf3 Nc6 3. d4 cxd4 4. Nxd4 Nf6 5. Nc3 e5 6. Ndb5 d6 7. Bg5 a6 8.
Na3 b5 9. Nd5 Be7 10. Bxf6 Bxf6 11. c3 O-O 12. Nc2 Bg5 13. a4 bxa4 14. Rxa4 a5
15. Bb5 Ne7 16. Ncb4 Bd7 17. Nxe7+ Bxe7 18. Nc6 Qe8 19. Qd5 Be6 20. Qd3 Bd7 21.
Nxe7+ Qxe7 22. O-O Rfb8 23. Bxd7 Qxd7 24. Ra2 Qc6 25. Rd1 a4 26. Qxd6 Qxe4 27.
Rda1 Rf8 28. Qb4 Qxb4 29. cxb4 Rfd8 30. g3 f6 31. b3 Rd4 32. Rxa4 Rb8 33. b5
Rd5 34. Ra7 Rdxb5 35. Re7 R5b7 1/2-1/2

[Event "MCR_SF09"]
[Site "?"]
[Date "2007.??.??"]
[Round "1.6"]
[White "Svoboda, Frantisek"]
[Black "Portych, Vaclav"]
[Result "1/2-1/2"]
[WhiteElo "2051"]
[BlackElo "2147"]
[PlyCount "120"]
[EventDate "2007.??.??"]
[EventType "schev (rapid)"]
[EventRounds "2"]
[SourceDate "2007.02.23"]

1. e4 c5 2. Nf3 Nc6 3. d4 cxd4 4. Nxd4 Nf6 5. Nc3 e5 6. Ndb5 d6 7. Bg5 a6 8.
Na3 b5 9. Bxf6 gxf6 10. Nd5 f5 11. c3 Bg7 12. exf5 Bxf5 13. Nc2 O-O 14. Nce3
Be6 15. Bd3 f5 16. O-O Kh8 17. Qh5 Bf7 18. Qh3 e4 19. Bc2 Ne5 20. Rfd1 Bxd5 21.
Rxd5 Qd7 22. Rad1 Rad8 23. f4 Nc4 24. Nxf5 Nxb2 25. Re1 Rc8 26. Bxe4 Bxc3 27.
Rf1 Qe6 28. Qf3 Rfd8 29. g4 b4 30. Bc2 Rc5 31. Bb3 Rxd5 32. Bxd5 Qg6 33. h3 Na4
34. Bb3 Nc5 35. Bc4 a5 36. Qd5 a4 37. Kg2 Nd7 38. Nxd6 Nf6 39. Nf7+ Kg7 40.
Qxd8 Qe4+ 41. Kg3 Qxc4 42. Ng5 Qe2 43. Qc7+ Kh6 44. Nf7+ Kg7 45. Ne5+ Kh8 46.
Qd8+ Ng8 47. Qf8 Be1+ 48. Rxe1 Qxe1+ 49. Kf3 Qc3+ 50. Ke4 Qc2+ 51. Kd4 Qf2+ 52.
Kc4 Qxa2+ 53. Kb5 h6 54. Qd6 b3 55. Qd4 Qe2+ 56. Kxa4 Nf6 57. Kxb3 Qb5+ 58. Kc3
Qa5+ 59. Kd3 Qa3+ 60. Kd2 Qxh3 1/2-1/2

[Event "MCR_SF09"]
[Site "?"]
[Date "2007.??.??"]
[Round "1"]
[White "Styblo, Pavel"]
[Black "Izing, Stefan ml."]
[Result "0-1"]
[WhiteElo "2306"]
[BlackElo "2157"]
[PlyCount "56"]
[EventDate "2007.??.??"]
[EventType "schev (rapid)"]
[EventRounds "2"]
[SourceDate "2007.02.23"]

1. d4 d5 2. c4 e6 3. Nc3 Nf6 4. cxd5 exd5 5. Bg5 c6 6. Qc2 h6 7. Bh4 Bd6 8. e3
O-O 9. Bd3 Re8 10. Nge2 Nbd7 11. O-O Bxh2+ 12. Kxh2 Ng4+ 13. Kh3 Ndf6 14. Bf5
g5 15. Bg3 Re4 16. Bxe4 Nxe4 17. Qc1 f6 18. Nxe4 dxe4 19. Nf4 Qe8 20. Rh1 gxf4
21. Bxf4 Qh5+ 22. Kg3 Qg6 23. f3 Nxe3+ 24. Kf2 Qxg2+ 25. Kxe3 Qxf3+ 26. Kd2
Qxf4+ 27. Kc2 e3 28. Qg1+ Kf7 0-1

[Event "MCR_SF09"]
[Site "?"]
[Date "2007.??.??"]
[Round "1"]
[White "Mateka, Petr"]
[Black "Brichacek, Milan"]
[Result "1-0"]
[WhiteElo "2306"]
[BlackElo "2215"]
[PlyCount "81"]
[EventDate "2007.??.??"]
[EventType "schev (rapid)"]
[EventRounds "2"]
[SourceDate "2007.02.23"]

1. e4 e6 2. d4 d5 3. e5 c5 4. c3 Nc6 5. Nf3 Qb6 6. a3 c4 7. Nbd2 Na5 8. Be2 Bd7
9. O-O Ne7 10. Re1 Ng6 11. Rb1 Be7 12. Qc2 O-O-O 13. b3 cxb3 14. Nxb3 Ba4 15.
Nfd2 Kb8 16. Qa2 Qc7 17. Nxa5 Qxa5 18. Qb2 Bc6 19. Nf3 Nh4 20. Nxh4 Bxh4 21.
Bd2 Qc7 22. a4 Rhf8 23. Rec1 f6 24. g3 Bg5 25. f4 Bh6 26. c4 Qf7 27. Bf3 fxe5
28. cxd5 Bxd5 29. Bxd5 Rxd5 30. Bb4 g6 31. Bxf8 Bxf8 32. fxe5 Bh6 33. Rc4 Be3+
34. Kg2 b6 35. Rf1 Qb7 36. Kh3 Rd8 37. a5 g5 38. axb6 a5 39. Rc7 Qe4 40. Rff7
h5 41. Rb7+ 1-0

[Event "MCR_SF09"]
[Site "?"]
[Date "2007.??.??"]
[Round "1"]
[White "Trs, Jan"]
[Black "Cvak, Rudolf"]
[Result "1/2-1/2"]
[WhiteElo "2255"]
[BlackElo "2247"]
[PlyCount "122"]
[EventDate "2007.??.??"]
[EventType "schev (rapid)"]
[EventRounds "2"]
[SourceDate "2007.02.23"]

1. d4 Nf6 2. c4 g6 3. Nf3 d6 4. g3 Bg7 5. Bg2 O-O 6. O-O Nbd7 7. Nc3 e5 8. e4
c6 9. h3 exd4 10. Nxd4 Qb6 11. Re1 Ng4 12. Nce2 Nge5 13. b3 Nc5 14. Be3 a5 15.
Rb1 Re8 16. Rf1 Qc7 17. Qc2 Qe7 18. Nc3 g5 19. f3 f5 20. Nxf5 Bxf5 21. Bxc5
Bxh3 22. Bxh3 dxc5 23. Bf5 g4 24. fxg4 Qg5 25. Qc1 Qxc1 26. Rbxc1 Nd3 27. Rcd1
Nb2 28. Rd7 Bxc3 29. Bxh7+ Kh8 30. Bg6 Red8 31. Rh7+ Kg8 32. Rxb7 Rd1 33. Bf5
a4 34. g5 Re8 35. Rxd1 Nxd1 36. Kg2 axb3 37. axb3 Ne3+ 38. Kf3 Nc2 39. Kg4 Kf8
40. Rc7 Nb4 41. Kh5 Re7 42. Rc8+ Kg7 43. g6 Be5 44. g4 Nd3 45. g5 Bc7 46. Kg4
Nc1 47. Kh5 Ne2 48. Kg4 Nd4 49. Kh5 Bg3 50. Rd8 Bf4 51. Ra8 Bd6 52. Rd8 Be5 53.
Rc8 Bc7 54. Bg4 Bf4 55. Bf5 Bh2 56. Rd8 Bf4 57. Ra8 Be5 58. Rc8 Bc7 59. Bg4 Bf4
60. Bf5 Bd6 61. Rd8 Bc7 1/2-1/2